El orden político en las sociedades en cambio / (Record no. 7508)

MARC details
000 -LEADER
campo de control de longitud fija 00774nam a2200253 i 4500
001 - NÚMERO DE CONTROL
campo de control 7508
003 - IDENTIFICADOR DE NÚMERO DE CONTROL
campo de control ES-MaACL
005 - FECHA Y HORA DE LA ÚLTIMA TRANSACCIÓN
campo de control 20230906145241.0
007 - CAMPO FIJO DE DESCRIPCIÓN FÍSICA--INFORMACIÓN GENERAL
campo de control de longitud fija t|
008 - DATOS DE LONGITUD FIJA--INFORMACIÓN GENERAL
campo de control de longitud fija 910124s1990 ag ||||1| spa d
020 ## - NÚMERO INTERNACIONAL ESTÁNDAR DEL LIBRO
Número Internacional Estándar del Libro 950-12-5405-4
080 ## - NÚMERO DE LA CLASIFICACIÓN DECIMAL UNIVERSAL
Número de la Clasificación Decimal Universal 32(100)"19"
100 1# - ENTRADA PRINCIPAL--NOMBRE DE PERSONA
Nombre de persona Huntington, Samuel P.
9 (RLIN) 64749
245 13 - MENCIÓN DEL TÍTULO
Título El orden político en las sociedades en cambio /
Mención de responsabilidad, etc. Samuel P. Huntington ; presentación de la segunda edición, Oscar Oszlak.
250 ## - MENCION DE EDICION
Mención de edición 1ª reimp.
260 ## - PUBLICACIÓN, DISTRIBUCIÓN, ETC.
Lugar de publicación, distribución, etc. Buenos Aires :
Nombre del editor, distribuidor, etc. Paidós,
Fecha de publicación, distribución, etc. 1990.
300 ## - DESCRIPCIÓN FÍSICA
Extensión 404 p. ;
Dimensiones 22 cm.
490 1# - MENCIÓN DE SERIE
Mención de serie Estado y sociedad ;
Designación de volumen o secuencia 5
650 #4 - PUNTO DE ACCESO ADICIONAL DE MATERIA--TÉRMINO DE MATERIA
Término de materia o nombre geográfico como elemento de entrada Política-
Subdivisión cronológica S.XX.
9 (RLIN) 16284
700 1# - ENTRADA AGREGADA--NOMBRE PERSONAL
Nombre de persona Oszlak, Oscar.
9 (RLIN) 87850
830 1# - PUNTO DE ACCESO ADICIONAL DE SERIE-TÍTULO UNIFORME
Título uniforme Estado y sociedad ;
Designación de volumen o secuencia 5
9 (RLIN) 179808
852 4# - LOCALIZACIÓN
Ubicación ES-MaACL
Número de control de estantería L-14755
Holdings
Estatus retirado Estado de pérdida Estado de daño No para préstamo Biblioteca de origen Biblioteca actual Ubicación en estantería Fecha de adquisición Fuente de adquisición Total de préstamos Signatura topográfica completa Código de barras Visto por última vez Precio de reemplazo Tipo de ítem Koha
        Biblioteca del Ateneo de Madrid Biblioteca del Ateneo de Madrid Depósito 2 17/01/2008     L-14755 1007660 23/02/2023 23/02/2023 Libro impreso